000 01053nam2a2200205 4500
001 RU\NLR\PER_A\012516753_000170
005 20250625062615.0
035 _a(NLR Aleph) 021946575
090 _a13203813
_c13203813
100 _a20230524d2023 |||y0rusy50 ca
101 0 _arus
102 _aRU
200 0 _aТ. 4, № 1
210 _d2023
_aБ. м.
461 0 _1001RU\NLR\BIBL_A\012516753
_12001#$aЦифровизация$dDigitalization$fКраснояр. регион. молодеж. орг. "Союз молодых учёных Красноярска"$zeng$vТ. 4, № 1
_912305396
_cКрасноярск
_d2021 -
_fКраснояр. регион. молодеж. орг. "Союз молодых учёных Красноярска"
_lDigitalization
_nКрасноярская региональная молодёжная организация "Союз молодых учёных Красноярья"
_tЦифровизация
_x2712-8733
_vТ. 4, № 1
852 _aNLR
_jП23/9508
942 _cISSUE
980 _aNB
980 _aRUSPER